000 00383nam a2200181Ia 4500
100 _aRaj Kamal
650 _aEmbedded systems
250 _a2
942 _cBK
366 _f17.5
654 _aembedded systems
245 _aEmbedded systems
260 _bTata Mc Graw hill
_aNew Delhi
_c2008
082 _a003.3/KAM
_bKAM
300 _a681
546 _aENGLISH
999 _c22764
_d22764